00168 a2200073 4500020001800000100001900018245004000037260001700077 a9798893636963 aSundarrajan M  aPython Programming Beginners Guide  bNotion Press